| 000 | 00506nam a2200157 a 4500 | ||
|---|---|---|---|
| 001 | 000036394 | ||
| 005 | 20200930075716.0 | ||
| 008 | 120116s1987 sp a 000 0 spa d | ||
| 020 | _a8476053525 | ||
| 040 |
_aDO-SdBNP _bspa _cBNPHU |
||
| 082 |
_axxx _bJ91d |
||
| 100 | 1 |
_aJuall Carpenito, Lynda _962592 |
|
| 245 | 1 | 0 |
_aDiagnóstico de enfermería : _bAplicación a la práctica clínica / _cLynda Juall Carpenito. |
| 260 |
_aMadrid : _bInteramericana _bMcGraw-Hill, _c1987. |
||
| 300 |
_a554 p. : _bil. ; _c24 cm. |
||
| 999 |
_c35885 _d35885 |
||